Stepping up : (Record no. 12169)

000 -LEADER
fixed length control field 00733cam a2200229 a 4500
020 ## - INTERNATIONAL STANDARD BOOK NUMBER
ISBN 9780821373316
020 ## - INTERNATIONAL STANDARD BOOK NUMBER
ISBN 0821373315
020 ## - INTERNATIONAL STANDARD BOOK NUMBER
ISBN 9780821373323 (electronic)
020 ## - INTERNATIONAL STANDARD BOOK NUMBER
ISBN 0821373323 (electronic)
040 ## - CATALOGING SOURCE
Transcribing agency DLC
082 00 - DEWEY DECIMAL CLASSIFICATION NUMBER
Classification number 363 WOR 2007 A019 Or.
100 1# - MAIN ENTRY--AUTHOR NAME
Personal name Browder, Greg,
245 10 - TITLE STATEMENT
Title Stepping up :
Remainder of title improving the performance of China's urban water utilities /
246 30 - VARYING FORM OF TITLE
Title proper/short title Improving the performance of China's urban water utilities
260 ## - PUBLICATION, DISTRIBUTION, ETC. (IMPRINT)
Place of publication Washington, DC :
Name of publisher World Bank,
Year of publication 2007.
300 ## - PHYSICAL DESCRIPTION
Number of Pages xxxiv, 176 p. :
Other physical details ill. ;
Dimensions 28 cm.
650 #0 - SUBJECT ADDED ENTRY--TOPICAL TERM
Topical Term Water utilities
650 #0 - SUBJECT ADDED ENTRY--TOPICAL TERM
Topical Term Urban policy
700 1# - ADDED ENTRY--PERSONAL NAME
Personal name Xie, Shiqing.
856 41 - ELECTRONIC LOCATION AND ACCESS
Uniform Resource Identifier http://www.loc.gov/catdir/toc/ecip0725/2007034616.html
942 ## - ADDED ENTRY ELEMENTS (KOHA)
Koha item type សៀវភៅភាសាអង់គ្លេស
952 ## - LOCATION AND ITEM INFORMATION (KOHA)
Withdrawn status [LOCAL, KOHA] 0
Holdings
Permanent Location Date acquired Koha item type Lost status Shelving location Barcode Current Location Full call number
Library Block A2017-08-10សៀវភៅភាសាអង់គ្លេស A019A16200Library Block A363 WOR 2007 A019 Or.
មជ្ឈមណ្ឌលឯការនៃសាកលវិទ្យាល័យភូមិន្ទកសិកម្មចំការដូង

Powered by Koha